|
|
|
|
| LEADER |
02779nam a2200517 4500 |
| 001 |
978-3-319-69542-6 |
| 003 |
DE-He213 |
| 005 |
20191022082221.0 |
| 007 |
cr nn 008mamaa |
| 008 |
171101s2018 gw | s |||| 0|eng d |
| 020 |
|
|
|a 9783319695426
|9 978-3-319-69542-6
|
| 024 |
7 |
|
|a 10.1007/978-3-319-69542-6
|2 doi
|
| 040 |
|
|
|d GrThAP
|
| 050 |
|
4 |
|a GF125
|
| 072 |
|
7 |
|a RPC
|2 bicssc
|
| 072 |
|
7 |
|a SCI030000
|2 bisacsh
|
| 072 |
|
7 |
|a RPC
|2 thema
|
| 082 |
0 |
4 |
|a 307.76
|2 23
|
| 100 |
1 |
|
|a Bonenberg, Agata.
|e author.
|4 aut
|4 http://id.loc.gov/vocabulary/relators/aut
|
| 245 |
1 |
0 |
|a Cityscape in the Era of Information and Communication Technologies
|h [electronic resource] /
|c by Agata Bonenberg.
|
| 250 |
|
|
|a 1st ed. 2018.
|
| 264 |
|
1 |
|a Cham :
|b Springer International Publishing :
|b Imprint: Springer,
|c 2018.
|
| 300 |
|
|
|a VI, 154 p. 89 illus., 48 illus. in color.
|b online resource.
|
| 336 |
|
|
|a text
|b txt
|2 rdacontent
|
| 337 |
|
|
|a computer
|b c
|2 rdamedia
|
| 338 |
|
|
|a online resource
|b cr
|2 rdacarrier
|
| 347 |
|
|
|a text file
|b PDF
|2 rda
|
| 490 |
1 |
|
|a The Urban Book Series,
|x 2365-757X
|
| 520 |
|
|
|a This book discusses the impact of information and communication technologies, particularly social media, on the structure and landscape of contemporary cities. It presents a multidisciplinary range of theories and practical case studies and addresses a broad readership, from graduate students to practitioners active in the fields of urbanism and the architectural design of urban space. The book includes a wealth of illustrations depicting contemporary architecture and exemplary modern public spaces, as well as diagrams and tables that optimally visualize the concepts and ideas discussed.
|
| 650 |
|
0 |
|a Urban geography.
|
| 650 |
|
0 |
|a Application software.
|
| 650 |
|
0 |
|a Sustainable development.
|
| 650 |
|
0 |
|a Architecture.
|
| 650 |
1 |
4 |
|a Urban Geography / Urbanism (inc. megacities, cities, towns).
|0 http://scigraph.springernature.com/things/product-market-codes/J15010
|
| 650 |
2 |
4 |
|a Information Systems Applications (incl. Internet).
|0 http://scigraph.springernature.com/things/product-market-codes/I18040
|
| 650 |
2 |
4 |
|a Sustainable Development.
|0 http://scigraph.springernature.com/things/product-market-codes/U34000
|
| 650 |
2 |
4 |
|a Cities, Countries, Regions.
|0 http://scigraph.springernature.com/things/product-market-codes/K14000
|
| 710 |
2 |
|
|a SpringerLink (Online service)
|
| 773 |
0 |
|
|t Springer eBooks
|
| 776 |
0 |
8 |
|i Printed edition:
|z 9783319695419
|
| 776 |
0 |
8 |
|i Printed edition:
|z 9783319695433
|
| 776 |
0 |
8 |
|i Printed edition:
|z 9783319887975
|
| 830 |
|
0 |
|a The Urban Book Series,
|x 2365-757X
|
| 856 |
4 |
0 |
|u https://doi.org/10.1007/978-3-319-69542-6
|z Full Text via HEAL-Link
|
| 912 |
|
|
|a ZDB-2-EES
|
| 950 |
|
|
|a Earth and Environmental Science (Springer-11646)
|